00180nam a22000737a 4500020001800000100001600018245003700034260003500071 a9781782858539 aJessica Law aA hole in the bottom of the sea. aNew YorkbBarefoot Booksc2022